| 000 | 00493nam a2200205Ia 4500 | ||
|---|---|---|---|
| 003 | IT-RoPAU | ||
| 005 | 20220918175645.0 | ||
| 008 | 120407s9999 xx 000 0 und d | ||
| 040 | _aIT-RoPAU | ||
| 040 | _cIT-RoPAU | ||
| 041 | _aita | ||
| 100 |
_aSocietà San Paolo _9277 |
||
| 245 | _aAgenda Paolina 1981 | ||
| 250 | _a1° ed. | ||
| 260 |
_c1980 _aRoma _bEdizioni Paoline |
||
| 300 |
_c15,5 cm _apagine non numerate |
||
| 490 | _aEdizioni Paoline | ||
| 942 |
_cBK _2ddc |
||
| 999 |
_c23726 _d23726 |
||